Normal view
MARC view
Entry Personal Name
001 - CONTROL NUMBER
- control field: 72619
003 - CONTROL NUMBER IDENTIFIER
- control field: dpl
005 - DATE AND TIME OF LATEST TRANSACTION
- control field: 20241010164313.0
008 - FIXED-LENGTH DATA ELEMENTS
- fixed length control field: 241010|| aca||aabn | a|a d
040 ## - CATALOGING SOURCE
- Original cataloging agency: dpl
- Transcribing agency: dpl
100 ## - HEADING--PERSONAL NAME
- Personal name: Saha, Indranil
670 ## - SOURCE DATA FOUND
- Source citation: Work cat.: (dpl)206282: Saha, Indranil, Essential of Biostatistics & Research Methodology/, 2023
